Statistiques concernant Quiz sur la papauté

Cliquez ici pour prendre le quiz!

Statistiques générales

  • Ce quiz a été pris 4 134 fois
  • Le résultat moyen est 15 sur 20

Statistiques - réponses

QuestionRéponse% Correct
Qui est actuellement pape ?François
97%
Dans quel pays sont nés la majorité des papes ?
Italie
97%
Quel pays, le plus petit du monde, est dirigé par le pape ?Le Vatican
97%
Quelle capitale entoure complètement ce pays ?Rome
94%
Dans quel pays est-il né ?Argentine
91%
Quel prénom a été le plus souvent porté par un pape (23 fois) ?
Jean
91%
Prénom porté par 12 papes, qui peut faire penser à un symbole utilisé en mathématique pour calculer la circonférence d'un cercle.Pie
91%
Qui est considéré comme ayant été le premier pape, donnant son nom à l'esplanade et à la basilique du pays ?Saint {Pierre}
82%
Quel pape a été victime d'une tentative d'assasinat en 1981 ?Jean-Paul II
79%
Qui a été couronné "Empereur d'Occident" par le pape Léon III au Noël de l'an 800 ?
Charlemagne
76%
Qui est chargé de la sécurité du pape depuis 1506 ?
La Garde {suisse} pontificale
76%
Quelle ville du Sud de la France a été le siège de la papauté au XIVe siècle ?
Avignon
75%
Comment s'appelle le véhicule utilisé par le pape pendant ses apparitions publiques ?
Papamobile
74%
Selon la légende, un pape aurait menti sur son ____ au IXe siècle ; et cette légende en a créé une autre selon laquelle on ausculte le pape avant de dire : « Il en a deux, et bien pendants ».Sexe
74%
Après le pape, quel est le plus haut rang dans la hiérarchie de l'Église catholique ?
Cardinal
72%
A quelle guerre le pape Urbain II a-t-il appelé à participer en 1095 ?
Première croisade
72%
Quel dirigeant européen a "kidnappé" le pape en 1809 et l'a détenu pendant 5 ans ?
Napoléon Bonaparte
69%
Qui est devenu le premier "Pape émérite" en 2013 ?
Benoît XVI
66%
Comment s'appelle l'évènement durant lequel le nouveau pape est choisi ?
Conclave
33%
Comment appelle-t-on un décret pris par le pape ?
Une bulle pontificale
29%

Distribution des résultats

Percentile par nombre de réponses

% des personnes avec chaque résultat

Votre développement - résultats

Vous n’avez pas pris ce quiz